| 000 | 00347nam a2200133Ia 4500 | ||
|---|---|---|---|
| 008 | 210716s1992 xx 000 0 und d | ||
| 041 | _aeng | ||
| 082 | _a382.9143 WATP | ||
| 100 | _awaterhouse, Price. | ||
| 245 | _aDoing business in Switzerland. | ||
| 260 |
_aU S A _bPrice waterhouse _c1992 |
||
| 300 | _a262 | ||
| 650 | _aInternational Business | ||
| 999 |
_c199018 _d199018 |
||